[Event "WCO 2016"]
[Site "?"]
[Date "2016.09.11"]
[Round "9"]
[Board "18"]
[WhiteID "204412"]
[White "Vandenbussche Thibaut"]
[BlackID "9300244"]
[Black "Omar Noaman"]
[Result "0-1"]
[BlackElo "2377"]
[WhiteElo "2401"]
[LiveChessVersion "1.4.8"]

1. e4 {[%clk 1:30:58]} c6 {[%clk 1:30:50]} 2. Nf3 {[%clk 1:31:10]} d5
{[%clk 1:31:03]} 3. Nc3 {[%clk 1:31:33]} Bg4 {[%clk 1:30:33]} 4. h3
{[%clk 1:31:56]} Bh5 {[%clk 1:30:39]} 5. exd5 {[%clk 1:31:55]} cxd5
{[%clk 1:30:51]} 6. g4 {[%clk 1:32:16]} Bg6 {[%clk 1:31:06]} 7. Ne5
{[%clk 1:32:30]} Nc6 {[%clk 1:30:32]} 8. Bb5 {[%clk 1:32:01]} Qd6
{[%clk 1:30:28]} 9. d4 {[%clk 1:31:30]} f6 {[%clk 1:30:43]} 10. Nxg6
{[%clk 1:30:21]} hxg6 {[%clk 1:31:10]} 11. Qd3 {[%clk 1:30:22]} O-O-O
{[%clk 1:31:20]} 12. Bxc6 {[%clk 1:24:38]} Qxc6 {[%clk 1:31:21]} 13. Qxg6
{[%clk 0:54:41]} e5 {[%clk 1:31:28]} 14. Ne2 {[%clk 0:54:22]} e4 {[%clk 1:04:55]}
15. g5 {[%clk 0:40:24]} Ne7 {[%clk 0:45:27]} 16. Qf7 {[%clk 0:40:41]} Nf5
{[%clk 0:44:59]} 17. gxf6 {[%clk 0:30:34]} gxf6 {[%clk 0:43:43]} 18. Bd2
{[%clk 0:30:12]} Nh4 {[%clk 0:07:53]} 19. O-O-O {[%clk 0:30:35]} Nf3
{[%clk 0:04:17]} 20. Bf4 {[%clk 0:25:13]} Qd7 {[%clk 0:01:46]} 21. Qg6
{[%clk 0:17:43]} Be7 {[%clk 0:00:35]} 22. Ng3 {[%clk 0:14:13]} Nh4
{[%clk 0:00:34]} 23. Qg4 {[%clk 0:14:29]} f5 {[%clk 0:00:38]} 24. Qe2
{[%clk 0:09:16]} Ng6 {[%clk 0:00:33]} 25. Qd2 {[%clk 0:09:15]} Rdg8
{[%clk 0:00:36]} 26. Kb1 {[%clk 0:09:06]} Rh4 {[%clk 0:00:32]} 27. Be5
{[%clk 0:08:36]} f4 {[%clk 0:00:33]} 28. Qc3+ {[%clk 0:06:38]} Qc6
{[%clk 0:00:40]} 29. Nf5 {[%clk 0:05:40]} Qxc3 {[%clk 0:00:39]} 30. bxc3
{[%clk 0:06:08]} Rf8 {[%clk 0:00:33]} 31. Nxh4 {[%clk 0:03:42]} Bxh4
{[%clk 0:01:01]} 32. Rd2 {[%clk 0:02:40]} Kd7 {[%clk 0:00:40]} 33. Rg1
{[%clk 0:02:29]} Nxe5 {[%clk 0:00:59]} 34. dxe5 {[%clk 0:02:58]} Ke6
{[%clk 0:01:16]} 35. Rg4 {[%clk 0:01:56]} Bxf2 {[%clk 0:00:32]} 36. Rxf2
{[%clk 0:01:56]} f3 {[%clk 0:01:01]} 37. Rg3 {[%clk 0:01:09]} Kxe5
{[%clk 0:01:27]} 38. Kc1 {[%clk 0:00:48]} Kf4 {[%clk 0:01:35]} 39. Rg4+
{[%clk 0:00:58]} Ke3 {[%clk 0:02:02]} 40. Rf1 {[%clk 0:30:40]} Ke2
{[%clk 0:32:15]} 41. Rgg1 {[%clk 0:02:29]} f2 {[%clk 0:31:29]} 42. Rh1
{[%clk 0:02:50]} e3 {[%clk 0:30:41]} 43. h4 {[%clk 0:03:09]} Kf3 {[%clk 0:30:23]}
44. h5 {[%clk 0:01:15]} Re8 {[%clk 0:22:59]} 45. Rh2 {[%clk 0:00:38]} Kg3
{[%clk 0:22:37]} 46. Rhh1 {[%clk 0:00:32]} e2 {[%clk 0:19:45]} 47. Re1
{[%clk 0:00:36]} Kg2 {[%clk 0:19:30]} 48. Kd2 {[%clk 0:00:39]} f1=Q
{[%clk 0:19:11]} 49. Rhxf1 {[%clk 0:01:03]} exf1=Q {[%clk 0:19:18]} 50. Rxe8
{[%clk 0:01:30]} Qf4+ {[%clk 0:16:35]} 51. Kd3 {[%clk 0:01:22]} Qf5+
{[%clk 0:15:56]} 52. Kd2 {[%clk 0:01:34]} Qxh5 {[%clk 0:15:41]} 53. Rg8+
{[%clk 0:01:16]} Kf3 {[%clk 0:15:39]} 54. Kc1 {[%clk 0:01:12]} Qh6+
{[%clk 0:12:51]} 55. Kb2 {[%clk 0:01:41]} Qb6+ {[%clk 0:13:04]} 56. Kc1
{[%clk 0:01:44]} Qa5 {[%clk 0:12:37]} 57. Kb2 {[%clk 0:01:18]} Kf4
{[%clk 0:11:34]} 58. Rh8 {[%clk 0:00:49]} Ke5 {[%clk 0:09:40]} 59. Rh4
{[%clk 0:00:46]} Kd6 {[%clk 0:09:07]} 60. Rb4 {[%clk 0:00:48]} b6
{[%clk 0:09:18]} 61. a3 {[%clk 0:00:51]} Kc5 {[%clk 0:09:32]} 62. Kb3
{[%clk 0:00:33]} Qa6 {[%clk 0:08:10]} 63. Kb2 {[%clk 0:00:44]} Qe2
{[%clk 0:08:31]} 64. Kb1 {[%clk 0:00:41]} Qc4 {[%clk 0:02:15]} 65. Kb2
{[%clk 0:00:35]} b5 {[%clk 0:02:44]} 66. Rb3 {[%clk 0:00:56]} a5 {[%clk 0:02:55]}
67. Kb1 {[%clk 0:00:40]} a4 {[%clk 0:03:01]} 68. Rb2 {[%clk 0:00:57]} Qxc3
{[%clk 0:03:17]} 69. Ka2 {[%clk 0:01:26]} Kc4 {[%clk 0:03:25]} 0-1

[Event "WCO 2016"]
[Site "?"]
[Date "2016.09.11"]
[Round "9"]
[Board "19"]
[WhiteID "9301453"]
[White "Saeed Ishaq"]
[BlackID "224715"]
[Black "Capone Nicola"]
[Result "0-1"]
[BlackElo "2373"]
[WhiteElo "2310"]
[LiveChessVersion "1.4.8"]

1. d4 {[%clk 1:30:44]} e6 {[%clk 1:30:55]} 2. c4 {[%clk 1:30:54]} Nf6
{[%clk 1:30:59]} 3. Nf3 {[%clk 1:30:49]} d5 {[%clk 1:31:12]} 4. e3
{[%clk 1:29:49]} Bb4+ {[%clk 1:31:36]} 5. Bd2 {[%clk 1:21:58]} Be7
{[%clk 1:32:00]} 6. Nc3 {[%clk 1:20:50]} O-O {[%clk 1:32:16]} 7. Qc2
{[%clk 1:18:43]} b6 {[%clk 1:26:53]} 8. Ne5 {[%clk 1:09:56]} Bb7 {[%clk 1:26:08]}
9. cxd5 {[%clk 1:10:02]} exd5 {[%clk 1:25:40]} 10. Bd3 {[%clk 1:06:39]} c5
{[%clk 1:07:53]} 11. O-O {[%clk 0:44:30]} Nc6 {[%clk 1:04:18]} 12. Nxc6
{[%clk 0:39:31]} Bxc6 {[%clk 1:04:44]} 13. dxc5 {[%clk 0:39:48]} bxc5
{[%clk 1:05:04]} 14. b3 {[%clk 0:40:07]} Rc8 {[%clk 0:39:46]} 15. Rfd1
{[%clk 0:36:44]} Bd6 {[%clk 0:37:15]} 16. e4 {[%clk 0:28:01]} dxe4
{[%clk 0:27:51]} 17. Bxe4 {[%clk 0:15:48]} Nxe4 {[%clk 0:27:51]} 18. Nxe4
{[%clk 0:16:10]} Bxh2+ {[%clk 0:28:01]} 19. Kxh2 {[%clk 0:16:29]} Qh4+
{[%clk 0:28:28]} 20. Kg1 {[%clk 0:16:52]} Bxe4 {[%clk 0:28:22]} 21. Qc3
{[%clk 0:05:52]} Rcd8 {[%clk 0:25:41]} 22. Be1 {[%clk 0:04:37]} Bxg2
{[%clk 0:25:36]} 23. f4 {[%clk 0:00:37]} Qh1+ {[%clk 0:19:16]} 24. Kf2
{[%clk 0:01:05]} Qf1+ {[%clk 0:19:40]} 25. Kg3 {[%clk 0:01:11]} Be4
{[%clk 0:18:08]} 26. Rxd8 {[%clk 0:00:34]} Rxd8 {[%clk 0:17:50]} 27. Qxg7+
{[%clk 0:00:34]} Kxg7 {[%clk 0:18:15]} 28. Bc3+ {[%clk 0:00:44]} Kf8
{[%clk 0:18:26]} 29. Rxf1 {[%clk 0:00:59]} Rd3+ {[%clk 0:18:54]} 30. Kh4
{[%clk 0:01:11]} Rxc3 {[%clk 0:19:20]} 31. Kg5 {[%clk 0:01:29]} Rg3+
{[%clk 0:18:48]} 32. Kh5 {[%clk 0:01:05]} Bf5 {[%clk 0:18:36]} 33. Kh4
{[%clk 0:00:58]} Rg4+ {[%clk 0:19:01]} 34. Kh5 {[%clk 0:01:25]} Kg7
{[%clk 0:18:47]} 35. Re1 {[%clk 0:01:30]} Kf6 {[%clk 0:17:43]} 36. Rd1
{[%clk 0:01:18]} Rg3 {[%clk 0:17:48]} 37. Rd6+ {[%clk 0:01:39]} Be6
{[%clk 0:18:12]} 38. f5 {[%clk 0:02:06]} Kxf5 {[%clk 0:18:34]} 39. Kh4
{[%clk 0:02:18]} Ke5 0-1

[Event "WCO 2016"]
[Site "?"]
[Date "2016.09.11"]
[Round "9"]
[Board "20"]
[WhiteID "209317"]
[White "Hamblok Roel"]
[BlackID "9300465"]
[Black "AlHuwar Jasem"]
[Result "1-0"]
[BlackElo "2291"]
[WhiteElo "2282"]
[LiveChessVersion "1.4.8"]

1. e4 {[%clk 1:30:55]} e6 {[%clk 1:30:39]} 2. d4 {[%clk 1:31:13]} d5
{[%clk 1:30:58]} 3. Nc3 {[%clk 1:31:34]} dxe4 {[%clk 1:31:15]} 4. Nxe4
{[%clk 1:31:56]} Nd7 {[%clk 1:31:41]} 5. Nf3 {[%clk 1:32:17]} Ngf6
{[%clk 1:32:03]} 6. Bd3 {[%clk 1:32:05]} c5 {[%clk 1:31:55]} 7. O-O
{[%clk 1:32:07]} Qc7 {[%clk 1:29:54]} 8. Re1 {[%clk 1:18:40]} Be7
{[%clk 1:13:06]} 9. Nxc5 {[%clk 1:09:29]} Nxc5 {[%clk 1:05:20]} 10. dxc5
{[%clk 1:09:40]} Bxc5 {[%clk 1:05:46]} 11. Ne5 {[%clk 1:08:31]} O-O
{[%clk 0:36:31]} 12. Qf3 {[%clk 0:49:58]} b6 {[%clk 0:28:58]} 13. Qh3
{[%clk 0:38:23]} g6 {[%clk 0:08:46]} 14. Bh6 {[%clk 0:33:10]} Rd8
{[%clk 0:07:19]} 15. Bg5 {[%clk 0:26:57]} Be7 {[%clk 0:08:13]} 16. Qf3
{[%clk 0:25:15]} Bb7 {[%clk 0:08:11]} 17. Qf4 {[%clk 0:25:19]} Kg7
{[%clk 0:07:10]} 18. Bh6+ {[%clk 0:22:54]} Kg8 {[%clk 0:07:17]} 19. Nxg6
{[%clk 0:21:33]} 1-0

[Event "WCO 2016"]
[Site "?"]
[Date "2016.09.11"]
[Round "9"]
[Board "17"]
[WhiteID "6351921"]
[White "Saraci Nderim"]
[BlackID "15000605"]
[Black "Nedev Trajko"]
[Result "1/2-1/2"]
[BlackElo "2484"]
[WhiteElo "2337"]
[LiveChessVersion "1.4.8"]

1. d4 {[%clk 1:30:56]} Nf6 {[%clk 1:30:54]} 2. c4 {[%clk 1:31:09]} g6
{[%clk 1:30:44]} 3. Nf3 {[%clk 1:31:32]} Bg7 {[%clk 1:31:06]} 4. g3
{[%clk 1:30:15]} O-O {[%clk 1:31:18]} 5. Bg2 {[%clk 1:30:39]} d6 {[%clk 1:31:40]}
6. O-O {[%clk 1:31:01]} Nbd7 {[%clk 1:32:07]} 7. Nc3 {[%clk 1:31:11]} e5
{[%clk 1:32:31]} 8. b3 {[%clk 1:30:11]} Re8 {[%clk 1:31:08]} 9. Qc2
{[%clk 1:30:23]} exd4 {[%clk 1:22:09]} 10. Nxd4 {[%clk 1:30:46]} Nc5
{[%clk 1:22:34]} 11. Bb2 {[%clk 1:27:54]} a5 {[%clk 1:21:05]} 12. Rad1
{[%clk 1:22:54]} Bd7 {[%clk 1:12:56]} 13. Rfe1 {[%clk 1:02:53]} h5
{[%clk 1:07:48]} 14. h3 {[%clk 0:55:36]} c6 {[%clk 0:45:50]} 15. Bc1
{[%clk 0:52:35]} Nh7 {[%clk 0:43:14]} 16. h4 {[%clk 0:43:07]} Qe7
{[%clk 0:41:17]} 17. a3 {[%clk 0:38:00]} Bg4 {[%clk 0:37:00]} 18. b4
{[%clk 0:25:18]} axb4 {[%clk 0:37:10]} 19. axb4 {[%clk 0:25:33]} Ne6
{[%clk 0:36:15]} 20. Nb3 {[%clk 0:21:53]} Nc7 {[%clk 0:32:21]} 21. Bf4
{[%clk 0:17:09]} Be5 {[%clk 0:30:09]} 22. Bxe5 {[%clk 0:17:22]} Qxe5
{[%clk 0:28:07]} 23. Na5 {[%clk 0:14:29]} Bc8 {[%clk 0:28:13]} 24. Qd2
{[%clk 0:09:10]} Na6 {[%clk 0:23:47]} 25. Ne4 {[%clk 0:08:02]} d5
{[%clk 0:18:55]} 26. cxd5 {[%clk 0:07:03]} cxd5 {[%clk 0:17:57]} 27. Qxd5
{[%clk 0:00:52]} Qxd5 {[%clk 0:17:55]} 28. Rxd5 {[%clk 0:01:20]} Nxb4
{[%clk 0:18:17]} 29. Rb5 {[%clk 0:01:03]} Nc2 {[%clk 0:18:34]} 30. Rd1
{[%clk 0:01:24]} Na3 {[%clk 0:16:09]} 31. Rc5 {[%clk 0:01:40]} b6
{[%clk 0:12:44]} 32. Nd6 {[%clk 0:01:50]} bxc5 {[%clk 0:13:03]} 33. Bxa8
{[%clk 0:02:05]} Rf8 {[%clk 0:13:29]} 34. Bd5 {[%clk 0:00:43]} Nf6
{[%clk 0:13:21]} 35. Bb3 {[%clk 0:00:54]} Ba6 {[%clk 0:10:59]} 1/2-1/2

[Event "WCO 2016"]
[Site "?"]
[Date "2016.09.11"]
[Round "9"]
[Board "18"]
[WhiteID "15000729"]
[White "Colovic Aleksandar"]
[BlackID "912840"]
[Black "Ermeni Avni"]
[Result "1-0"]
[BlackElo "2270"]
[WhiteElo "2432"]
[LiveChessVersion "1.4.8"]

1. e4 {[%clk 1:30:50]} c5 {[%clk 1:30:56]} 2. Nf3 {[%clk 1:31:03]} e6
{[%clk 1:31:16]} 3. g3 {[%clk 1:30:33]} Nc6 {[%clk 1:31:08]} 4. Bg2
{[%clk 1:30:59]} d6 {[%clk 1:31:30]} 5. O-O {[%clk 1:31:14]} Nf6 {[%clk 1:31:57]}
6. Re1 {[%clk 1:30:04]} Qc7 {[%clk 1:32:20]} 7. c3 {[%clk 1:30:08]} Be7
{[%clk 1:25:42]} 8. d4 {[%clk 1:29:47]} e5 {[%clk 1:19:27]} 9. dxc5
{[%clk 1:20:21]} dxc5 {[%clk 1:16:56]} 10. Bg5 {[%clk 1:20:47]} Be6
{[%clk 1:13:30]} 11. Bxf6 {[%clk 1:17:01]} Bxf6 {[%clk 1:12:57]} 12. Na3
{[%clk 1:17:28]} O-O {[%clk 1:13:05]} 13. Qe2 {[%clk 1:17:44]} Rfe8
{[%clk 1:07:06]} 14. Nc2 {[%clk 1:13:23]} Rad8 {[%clk 0:56:37]} 15. Ne3
{[%clk 1:13:32]} Rd7 {[%clk 0:52:53]} 16. Qc2 {[%clk 1:07:43]} b5
{[%clk 0:47:40]} 17. a4 {[%clk 1:02:42]} a6 {[%clk 0:46:48]} 18. axb5
{[%clk 0:52:00]} axb5 {[%clk 0:47:06]} 19. Ra6 {[%clk 0:52:21]} Rd6
{[%clk 0:42:27]} 20. Nd5 {[%clk 0:37:49]} Qd8 {[%clk 0:26:43]} 21. Rea1
{[%clk 0:36:40]} c4 {[%clk 0:24:00]} 22. h4 {[%clk 0:31:25]} Bxd5
{[%clk 0:17:44]} 23. exd5 {[%clk 0:31:50]} Ne7 {[%clk 0:17:08]} 24. Rxd6
{[%clk 0:27:46]} Qxd6 {[%clk 0:17:31]} 25. Rd1 {[%clk 0:28:15]} Nc8
{[%clk 0:15:43]} 26. Nd2 {[%clk 0:26:59]} Qb6 {[%clk 0:15:24]} 27. b3
{[%clk 0:17:23]} cxb3 {[%clk 0:11:13]} 28. Qxb3 {[%clk 0:17:48]} Be7
{[%clk 0:11:30]} 29. Bf1 {[%clk 0:12:41]} Nd6 {[%clk 0:11:15]} 30. Nc4
{[%clk 0:12:20]} Nxc4 {[%clk 0:07:00]} 31. Bxc4 {[%clk 0:12:49]} Rb8
{[%clk 0:05:16]} 32. d6 {[%clk 0:13:00]} Bxd6 {[%clk 0:05:35]} 33. Bxf7+
{[%clk 0:13:21]} Kh8 {[%clk 0:05:47]} 34. Qe6 {[%clk 0:10:51]} Bc5
{[%clk 0:05:45]} 35. Qxb6 {[%clk 0:10:13]} Bxb6 {[%clk 0:06:10]} 36. Rd5
{[%clk 0:08:30]} e4 {[%clk 0:04:01]} 37. Re5 {[%clk 0:06:20]} Rf8
{[%clk 0:03:41]} 38. Rxb5 {[%clk 0:04:01]} Ba7 {[%clk 0:03:56]} 39. Rb7
{[%clk 0:03:18]} Bc5 {[%clk 0:04:11]} 40. Rc7 {[%clk 0:33:13]} Bb6
{[%clk 0:34:14]} 41. Rb7 {[%clk 0:33:11]} Bc5 {[%clk 0:32:10]} 42. Kf1
{[%clk 0:29:17]} g6 {[%clk 0:32:20]} 43. Ke2 {[%clk 0:29:12]} Rc8
{[%clk 0:21:25]} 44. Bd5 {[%clk 0:20:05]} Re8 {[%clk 0:21:31]} 45. Rc7
{[%clk 0:20:08]} Bd6 {[%clk 0:21:15]} 46. Rc6 {[%clk 0:20:04]} Be5
{[%clk 0:19:30]} 47. Ke3 {[%clk 0:19:20]} Bb8 {[%clk 0:19:54]} 48. c4
{[%clk 0:12:46]} 1-0

[Event "WCO 2016"]
[Site "?"]
[Date "2016.09.11"]
[Round "9"]
[Board "19"]
[WhiteID "905631"]
[White "Fejzullahu Afrim"]
[BlackID "15000770"]
[Black "Lazov Toni"]
[Result "0-1"]
[BlackElo "2288"]
[WhiteElo "2298"]
[LiveChessVersion "1.4.8"]

1. e4 {[%clk 1:30:57]} c5 {[%clk 1:30:53]} 2. Nf3 {[%clk 1:31:17]} d6
{[%clk 1:31:18]} 3. c3 {[%clk 1:31:13]} Nf6 {[%clk 1:31:35]} 4. Bd3
{[%clk 1:31:22]} Bg4 {[%clk 1:25:00]} 5. h3 {[%clk 1:30:42]} Bh5 {[%clk 1:24:44]}
6. g4 {[%clk 1:23:30]} Bg6 {[%clk 1:24:45]} 7. Bb5+ {[%clk 1:23:33]} Nc6
{[%clk 1:12:39]} 8. d3 {[%clk 1:18:00]} Qc7 {[%clk 1:00:24]} 9. Qe2
{[%clk 1:06:35]} a6 {[%clk 0:58:46]} 10. Bxc6+ {[%clk 1:03:40]} Qxc6
{[%clk 0:58:15]} 11. c4 {[%clk 0:59:21]} e6 {[%clk 0:48:58]} 12. Nc3
{[%clk 0:57:52]} Be7 {[%clk 0:47:31]} 13. a4 {[%clk 0:47:12]} Nd7
{[%clk 0:38:28]} 14. d4 {[%clk 0:29:41]} h5 {[%clk 0:32:10]} 15. d5
{[%clk 0:29:09]} Qb6 {[%clk 0:32:04]} 16. dxe6 {[%clk 0:27:48]} fxe6
{[%clk 0:31:52]} 17. a5 {[%clk 0:22:39]} Qd8 {[%clk 0:24:28]} 18. Rg1
{[%clk 0:22:24]} hxg4 {[%clk 0:24:19]} 19. hxg4 {[%clk 0:14:23]} O-O
{[%clk 0:20:43]} 20. Be3 {[%clk 0:09:33]} b5 {[%clk 0:16:34]} 21. axb6
{[%clk 0:06:39]} Qxb6 {[%clk 0:16:39]} 22. Rd1 {[%clk 0:04:42]} Rxf3
{[%clk 0:08:58]} 23. Qxf3 {[%clk 0:04:48]} Qxb2 {[%clk 0:09:21]} 24. Bd2
{[%clk 0:00:57]} Rf8 {[%clk 0:04:17]} 25. Qh3 {[%clk 0:01:03]} Ne5
{[%clk 0:03:53]} 26. f4 {[%clk 0:00:44]} Nxc4 {[%clk 0:03:12]} 27. g5
{[%clk 0:01:00]} Nxd2 {[%clk 0:02:55]} 28. Rxd2 {[%clk 0:00:38]} Qc1+
{[%clk 0:02:18]} 29. Nd1 {[%clk 0:00:45]} Qc4 {[%clk 0:02:08]} 30. Rh1
{[%clk 0:00:37]} Rxf4 {[%clk 0:01:56]} 0-1

[Event "WCO 2016"]
[Site "?"]
[Date "2016.09.11"]
[Round "9"]
[Board "20"]
[WhiteID "15002314"]
[White "Nikolovski Nikola"]
[BlackID "915998"]
[Black "Sadiku Bedri"]
[Result "1-0"]
[BlackElo "2189"]
[WhiteElo "2265"]
[LiveChessVersion "1.4.8"]

1. e4 {[%clk 1:30:55]} e5 {[%clk 1:28:52]} 2. Nf3 {[%clk 1:31:05]} Nc6
{[%clk 1:29:06]} 3. d4 {[%clk 1:31:06]} exd4 {[%clk 1:28:11]} 4. Bc4
{[%clk 1:31:14]} d6 {[%clk 1:23:13]} 5. Nxd4 {[%clk 1:30:38]} Nxd4
{[%clk 1:19:32]} 6. Qxd4 {[%clk 1:30:51]} Qf6 {[%clk 1:19:33]} 7. Qd3
{[%clk 1:28:27]} Qg6 {[%clk 1:13:49]} 8. O-O {[%clk 1:26:40]} Nf6
{[%clk 1:13:05]} 9. Nc3 {[%clk 1:26:14]} c6 {[%clk 1:12:51]} 10. f4
{[%clk 1:20:50]} Be6 {[%clk 1:05:46]} 11. f5 {[%clk 1:14:01]} Bxc4
{[%clk 1:05:59]} 12. Qxc4 {[%clk 1:14:16]} Qh5 {[%clk 1:06:23]} 13. Qb3
{[%clk 1:04:45]} Rb8 {[%clk 1:05:45]} 14. Bf4 {[%clk 0:52:57]} Be7
{[%clk 1:02:46]} 15. e5 {[%clk 0:48:44]} dxe5 {[%clk 1:03:04]} 16. Bxe5
{[%clk 0:49:02]} O-O {[%clk 1:03:32]} 17. Bxb8 {[%clk 0:45:31]} Bc5+
{[%clk 1:03:39]} 18. Kh1 {[%clk 0:45:35]} Rxb8 {[%clk 1:04:00]} 19. Qc4
{[%clk 0:44:14]} Bd6 {[%clk 1:00:23]} 20. h3 {[%clk 0:43:07]} Qg5
{[%clk 1:00:22]} 21. Qd3 {[%clk 0:35:58]} Bc7 {[%clk 0:59:04]} 22. Qf3
{[%clk 0:32:17]} h5 {[%clk 0:59:02]} 23. Rfe1 {[%clk 0:28:34]} Qh4
{[%clk 0:51:18]} 24. Re2 {[%clk 0:21:16]} Qb4 {[%clk 0:49:16]} 25. Rae1
{[%clk 0:19:00]} Rf8 {[%clk 0:40:14]} 26. g4 {[%clk 0:13:00]} hxg4
{[%clk 0:32:26]} 27. hxg4 {[%clk 0:13:24]} g5 {[%clk 0:32:18]} 28. Kg2
{[%clk 0:05:46]} Kg7 {[%clk 0:30:08]} 29. Rh1 {[%clk 0:04:26]} Qxg4+
{[%clk 0:26:12]} 30. Qxg4 {[%clk 0:04:42]} Nxg4 {[%clk 0:26:32]} 31. Ne4
{[%clk 0:03:01]} Bf4 {[%clk 0:26:24]} 32. Ng3 {[%clk 0:01:33]} Nf6
{[%clk 0:24:43]} 33. Re7 {[%clk 0:01:19]} Rd8 {[%clk 0:25:07]} 34. Rhe1
{[%clk 0:01:15]} Rb8 {[%clk 0:21:59]} 35. Kf3 {[%clk 0:01:02]} Bd6
{[%clk 0:22:15]} 36. R7e2 {[%clk 0:01:04]} g4+ {[%clk 0:22:23]} 37. Kg2
{[%clk 0:00:45]} Kh6 {[%clk 0:20:44]} 38. Ne4 {[%clk 0:00:40]} Nxe4
{[%clk 0:21:06]} 39. Rxe4 {[%clk 0:01:07]} Kg5 {[%clk 0:21:28]} 40. Rd4
{[%clk 0:30:40]} Bc5 {[%clk 0:49:59]} 41. Rd7 {[%clk 0:23:27]} Rf8
{[%clk 0:48:36]} 42. Rxb7 {[%clk 0:16:00]} Kxf5 {[%clk 0:48:46]} 43. Rc7
{[%clk 0:16:05]} Bb6 {[%clk 0:48:36]} 44. Rf1+ {[%clk 0:15:28]} Kg6
{[%clk 0:48:24]} 45. Rxc6+ {[%clk 0:15:45]} f6 {[%clk 0:48:49]} 46. c4
{[%clk 0:15:08]} Kg5 {[%clk 0:48:17]} 47. c5 {[%clk 0:15:10]} Ba5
{[%clk 0:48:25]} 48. Ra6 {[%clk 0:07:46]} Bd2 {[%clk 0:48:33]} 49. c6
{[%clk 0:06:40]} Bf4 {[%clk 0:48:44]} 50. Rxa7 {[%clk 0:04:08]} Rc8
{[%clk 0:48:47]} 51. Rg7+ {[%clk 0:03:57]} Kf5 {[%clk 0:48:59]} 52. c7
{[%clk 0:04:13]} Rh8 {[%clk 0:46:52]} 53. Rh7 {[%clk 0:04:04]} Rc8
{[%clk 0:44:55]} 54. Rd7 {[%clk 0:03:09]} Kg5 {[%clk 0:44:53]} 55. Rg7+
{[%clk 0:02:41]} Kf5 {[%clk 0:45:04]} 56. Rf2 {[%clk 0:01:44]} Rh8
{[%clk 0:45:16]} 57. Rh7 {[%clk 0:01:11]} Rc8 {[%clk 0:44:01]} 58. Rd7
{[%clk 0:00:43]} Ke4 {[%clk 0:44:08]} 59. Re2+ {[%clk 0:00:36]} Kf5
{[%clk 0:44:36]} 60. Rf2 {[%clk 0:00:38]} Ke4 {[%clk 0:45:02]} 61. b4
{[%clk 0:00:35]} Be5 {[%clk 0:45:18]} 62. b5 {[%clk 0:00:53]} 1-0

[Event "WCO 2016"]
[Site "?"]
[Date "2016.09.11"]
[Round "9"]
[Board "21"]
[WhiteID "405817"]
[White "Greet Andrew N"]
[BlackID "7800010"]
[Black "Lodhi Mahmood"]
[Result "1-0"]
[BlackElo "2334"]
[WhiteElo "2455"]
[LiveChessVersion "1.4.8"]

1. d4 {[%clk 1:30:55]} Nf6 {[%clk 1:30:53]} 2. c4 {[%clk 1:30:54]} c5
{[%clk 1:31:10]} 3. d5 {[%clk 1:31:05]} g6 {[%clk 1:31:30]} 4. Nc3
{[%clk 1:31:24]} d6 {[%clk 1:31:46]} 5. e4 {[%clk 1:31:08]} Bg7 {[%clk 1:32:11]}
6. Nge2 {[%clk 1:31:21]} O-O {[%clk 1:32:31]} 7. Ng3 {[%clk 1:31:45]} e5
{[%clk 1:31:10]} 8. Be2 {[%clk 1:29:19]} Ne8 {[%clk 1:29:07]} 9. h4
{[%clk 1:21:12]} Bf6 {[%clk 1:23:21]} 10. Bh6 {[%clk 1:14:16]} Ng7
{[%clk 1:20:37]} 11. Qd2 {[%clk 1:04:28]} Na6 {[%clk 1:17:53]} 12. h5
{[%clk 1:02:58]} Nc7 {[%clk 1:17:31]} 13. Be3 {[%clk 0:56:50]} Bd7
{[%clk 1:17:12]} 14. Nf1 {[%clk 0:56:41]} Rb8 {[%clk 1:16:09]} 15. a4
{[%clk 0:42:35]} a6 {[%clk 1:14:55]} 16. a5 {[%clk 0:42:36]} b5 {[%clk 1:14:00]}
17. axb6 {[%clk 0:43:01]} Rxb6 {[%clk 1:14:29]} 18. Nh2 {[%clk 0:42:19]} Qc8
{[%clk 1:09:46]} 19. Ra3 {[%clk 0:39:25]} Qb7 {[%clk 1:07:13]} 20. Nd1
{[%clk 0:38:49]} Rb3 {[%clk 1:07:36]} 21. Rxb3 {[%clk 0:34:50]} Qxb3
{[%clk 1:06:57]} 22. hxg6 {[%clk 0:33:22]} fxg6 {[%clk 1:07:10]} 23. Bg5
{[%clk 0:30:22]} Nce8 {[%clk 1:03:00]} 24. Nf1 {[%clk 0:24:37]} a5
{[%clk 0:58:08]} 25. Qe3 {[%clk 0:21:47]} Qb4+ {[%clk 0:53:11]} 26. Nd2
{[%clk 0:21:55]} Bxg5 {[%clk 0:52:03]} 27. Qxg5 {[%clk 0:22:20]} Nf6
{[%clk 0:52:27]} 28. Qe3 {[%clk 0:18:31]} Rf7 {[%clk 0:45:00]} 29. O-O
{[%clk 0:15:42]} Ngh5 {[%clk 0:41:32]} 30. Bxh5 {[%clk 0:11:32]} Nxh5
{[%clk 0:41:37]} 31. b3 {[%clk 0:10:15]} a4 {[%clk 0:32:40]} 32. bxa4
{[%clk 0:10:25]} Qxa4 {[%clk 0:33:04]} 33. Nc3 {[%clk 0:10:16]} Qc2
{[%clk 0:32:53]} 34. Ne2 {[%clk 0:04:42]} Nf4 {[%clk 0:24:49]} 35. Ra1
{[%clk 0:03:08]} Kg7 {[%clk 0:18:23]} 36. Nxf4 {[%clk 0:03:10]} Rxf4
{[%clk 0:16:27]} 37. Ra7 {[%clk 0:01:39]} Qd1+ {[%clk 0:15:46]} 38. Nf1
{[%clk 0:02:02]} Rf7 {[%clk 0:15:55]} 39. f3 {[%clk 0:01:11]} Be8
{[%clk 0:08:41]} 40. Ra6 {[%clk 0:30:52]} Rf6 {[%clk 0:35:22]} 41. Qd2
{[%clk 0:21:47]} Qb1 {[%clk 0:32:22]} 42. Qa5 {[%clk 0:20:05]} Bf7
{[%clk 0:32:20]} 43. Qd8 {[%clk 0:18:58]} Qd1 {[%clk 0:31:02]} 44. Rxd6
{[%clk 0:17:48]} Qd4+ {[%clk 0:31:03]} 45. Kh1 {[%clk 0:12:25]} Rf4
{[%clk 0:30:47]} 46. Qe7 {[%clk 0:12:42]} Kh6 {[%clk 0:18:34]} 47. Kh2
{[%clk 0:07:22]} Qf2 {[%clk 0:17:40]} 48. Ng3 {[%clk 0:07:22]} Rxf3
{[%clk 0:17:11]} 49. Qh4+ {[%clk 0:07:14]} Kg7 {[%clk 0:17:39]} 50. Qg5
{[%clk 0:07:14]} h6 {[%clk 0:14:12]} 51. Qxe5+ {[%clk 0:06:39]} Kh7
{[%clk 0:14:42]} 52. Rd8 {[%clk 0:06:07]} Bg8 {[%clk 0:14:20]} 53. Rd7+
{[%clk 0:03:41]} Bf7 {[%clk 0:14:43]} 54. Nf5 {[%clk 0:02:06]} gxf5
{[%clk 0:13:15]} 55. Rxf7+ {[%clk 0:02:31]} Kg6 {[%clk 0:13:36]} 56. Rg7+
{[%clk 0:02:16]} Kh5 {[%clk 0:13:11]} 57. Qe8+ {[%clk 0:02:39]} Kh4
{[%clk 0:13:30]} 58. Qe7+ {[%clk 0:03:02]} Kh5 {[%clk 0:13:15]} 59. Qf7+
{[%clk 0:03:25]} Kh4 {[%clk 0:13:37]} 60. Qf6+ {[%clk 0:03:47]} 1-0

[Event "WCO 2016"]
[Site "?"]
[Date "2016.09.11"]
[Round "9"]
[Board "22"]
[WhiteID "7801750"]
[White "Dr. Murtaza Ali "]
[BlackID "2400553"]
[Black "Shaw John"]
[Result "0-1"]
[BlackElo "2454"]
[WhiteElo "2111"]
[LiveChessVersion "1.4.8"]

1. e4 {[%clk 1:30:50]} e6 {[%clk 1:30:55]} 2. d4 {[%clk 1:31:13]} d5
{[%clk 1:31:19]} 3. Nc3 {[%clk 1:31:23]} Nf6 {[%clk 1:31:44]} 4. e5
{[%clk 1:28:04]} Nfd7 {[%clk 1:32:08]} 5. f4 {[%clk 1:28:24]} c5 {[%clk 1:32:33]}
6. Nf3 {[%clk 1:28:39]} Nc6 {[%clk 1:32:54]} 7. Be3 {[%clk 1:28:54]} Be7
{[%clk 1:33:07]} 8. Qd2 {[%clk 1:28:24]} O-O {[%clk 1:33:31]} 9. dxc5
{[%clk 1:20:43]} Nxc5 {[%clk 1:33:52]} 10. O-O-O {[%clk 1:19:05]} a6
{[%clk 1:34:09]} 11. Qf2 {[%clk 1:17:16]} b6 {[%clk 1:31:19]} 12. Qg3
{[%clk 1:06:43]} f5 {[%clk 1:24:51]} 13. exf6 {[%clk 1:05:12]} Bxf6
{[%clk 1:25:05]} 14. Bxc5 {[%clk 0:56:22]} bxc5 {[%clk 1:24:35]} 15. Bd3
{[%clk 0:54:15]} Bxc3 {[%clk 0:59:19]} 16. Bxh7+ {[%clk 0:47:19]} Kxh7
{[%clk 0:59:34]} 17. Ng5+ {[%clk 0:47:13]} Kg8 {[%clk 0:59:42]} 18. Qh4
{[%clk 0:45:15]} Bxb2+ {[%clk 0:58:52]} 19. Kb1 {[%clk 0:43:03]} Rxf4
{[%clk 0:52:29]} 20. Qxf4 {[%clk 0:40:41]} Bf6 {[%clk 0:51:48]} 0-1